[Event "DVM U16 2003"]
[Site "Greifswald GER"]
[Date "2003.12.30"]
[Round "7"]
[White "Kanevski, Vladyslav"]
[Black "Konrad, Maximilian"]
[Result "1-0"]
[Termination "normal"]
[Board "3.4"]
[WhiteElo "1672"]
[BlackElo "1644"]
[WhiteTeam "SF Köln-Mülheim"]
[BlackTeam "Wilhelmshavener SF"]
[PlyCount "157"]
[WhiteFideId "1270581"]
[EventCountry "GER"]
[EventRounds "7"]
[EventType "team-swiss"]
[EventDate "2003.12.26"]

1. d4 d5 2. Nf3 c6 3. Bf4 e6 4. e3 f5 5. Ne5 Nf6 6. Nd2 Be7 7. Bd3 O-O 8. O-O
Nbd7 9. Ndf3 Ne4 10. Nxd7 Bxd7 11. Ne5 Be8 12. f3 Bh5 13. c3 c5 14. Be2 Nf6 15.
Qc2 cxd4 16. exd4 Rc8 17. Bd3 Nd7 18. Rfe1 a6 19. Qe2 Nxe5 20. Qxe5 Rc6 21. Qe2
Qd7 22. Qd2 Rfc8 23. Qe2 b5 24. Bxf5 Bf7 25. Bd3 Qa7 26. a3 Re8 27. Qf2 Qb6 28.
Be5 Qd8 29. Qg3 g6 30. Qg4 Bf6 31. f4 Kh8 32. Re3 Bxe5 33. fxe5 Rc7 34. Rh3 Rg8
35. Rf1 Rg7 36. Rf6 Qe8 37. Rhf3 a5 38. Qh4 Kg8 39. Qf2 Qd7 40. Kh1 Qe8 41. h4
g5 42. hxg5 Rxg5 43. Rg3 Rxg3 44. Qxg3+ Kh8 45. Rh6 Bg8 46. Qh4 b4 47. axb4
axb4 48. Qf6+ Rg7 49. Rh3 bxc3 50. bxc3 Qa4 51. Rg3 Qd1+ 52. Bf1 Qxf1+ 53. Qxf1
Rxg3 54. Qf6+ Rg7 55. Kg1 Bf7 56. Kf2 h5 57. Ke3 Kh7 58. Qf2 Bg6 59. g3 Rf7 60.
Qe2 Kh6 61. Kd2 Rc7 62. g4 Ra7 63. Qe3+ Kh7 64. gxh5 Ra2+ 65. Ke1 Ra1+ 66. Kf2
Ra2+ 67. Kg3 Be4 68. c4 Rg2+ 69. Kf4 Kh6 70. cxd5 exd5 71. e6 Kxh5 72. Qh3+ Kg6
73. e7 Rf2+ 74. Ke3 Kf7 75. Qd7 Rf3+ 76. Ke2 Kg6 77. e8=Q+ Kg5 78. Qg7+ Kf5 79.
Qef7# 1-0

[Event "DVM U16 2003"]
[Site "Greifswald GER"]
[Date "2003.12.30"]
[Round "7"]
[White "Seiler, Sascha"]
[Black "Schneider, David"]
[Result "1/2-1/2"]
[Termination "normal"]
[Board "4.1"]
[WhiteElo "1877"]
[BlackElo "2026"]
[WhiteTeam "Heilbronner SV"]
[BlackTeam "SK Dicker Turm Münnerstadt"]
[PlyCount "97"]
[WhiteFideId "24630594"]
[BlackFideId "4697111"]
[EventCountry "GER"]
[EventRounds "7"]
[EventType "team-swiss"]
[EventDate "2003.12.26"]

1. d4 g6 2. e4 Bg7 3. Nc3 d5 4. exd5 Nf6 5. Nf3 O-O 6. Be2 Nxd5 7. Nxd5 Qxd5 8.
c4 Qd8 9. O-O c6 10. Be3 Nd7 11. Qd2 Re8 12. Rfd1 Nf6 13. h3 Ne4 14. Qc2 Nd6
15. d5 cxd5 16. Rxd5 Be6 17. Rdd1 Rc8 18. Rac1 Qa5 19. b3 Red8 20. Nd4 Bd7 21.
Qb1 e5 22. b4 Qc7 23. Nb5 Nxb5 24. cxb5 Qb8 25. Rxc8 Qxc8 26. Bxa7 Bf5 27.
Rxd8+ Qxd8 28. Qd1 Qc7 29. Bc5 Bf8 30. Bxf8 Kxf8 31. a4 Ke7 32. Qd2 Be6 33. a5
f6 34. b6 Qd6 35. Qc3 Kd8 36. b5 Bd5 37. Qe3 Kc8 38. a6 Kb8 39. Bf3 e4 40. Bxe4
Bxe4 41. Qxe4 Qxb6 42. Qxb7+ Qxb7 43. axb7 Kxb7 44. f4 Kb6 45. Kf2 Kxb5 46. Ke3
Kc5 47. Ke4 Kd6 48. f5 g5 49. Kd4 1/2-1/2

[Event "DVM U16 2003"]
[Site "Greifswald GER"]
[Date "2003.12.30"]
[Round "7"]
[White "Krebs, Martin"]
[Black "Luo, Xingping"]
[Result "1/2-1/2"]
[Termination "normal"]
[Board "4.2"]
[WhiteElo "1675"]
[BlackElo "1495"]
[WhiteTeam "SK Dicker Turm Münnerstadt"]
[BlackTeam "Heilbronner SV"]
[PlyCount "58"]
[EventCountry "GER"]
[EventRounds "7"]
[EventType "team-swiss"]
[EventDate "2003.12.26"]

1. d4 Nf6 2. c4 g6 3. Nc3 d5 4. cxd5 Nxd5 5. e4 Nxc3 6. bxc3 Bg7 7. Bc4 c5 8.
Ne2 O-O 9. O-O Nc6 10. Be3 Qc7 11. Rc1 Rd8 12. Qc2 Na5 13. Bb3 Nxb3 14. Qxb3 b6
15. Qa3 cxd4 16. cxd4 Qd6 17. Qxd6 Rxd6 18. Rc7 Ba6 19. Re1 Bxe2 20. Rxe2 Bxd4
21. g3 Bxe3 22. Rxe3 Kf8 23. Ra3 a6 24. Rb7 Ke8 25. Rc3 Rad8 26. Rcc7 R6d7 27.
Rxd7 Rxd7 28. Rxb6 Ra7 29. Kg2 Kd7 1/2-1/2

[Event "DVM U16 2003"]
[Site "Greifswald GER"]
[Date "2003.12.30"]
[Round "7"]
[White "Witte, Stefan"]
[Black "Schneider, Raphael"]
[Result "1-0"]
[Termination "normal"]
[Board "4.3"]
[WhiteElo "1470"]
[BlackElo "1628"]
[WhiteTeam "Heilbronner SV"]
[BlackTeam "SK Dicker Turm Münnerstadt"]
[PlyCount "21"]
[EventCountry "GER"]
[EventRounds "7"]
[EventType "team-swiss"]
[EventDate "2003.12.26"]

1. e4 e5 2. Nf3 Nc6 3. Bc4 Bc5 4. c3 d6 5. d4 exd4 6. cxd4 Bb4+ 7. Bd2 Bxd2+ 8.
Nbxd2 Bg4 9. Qb3 Bh5 10. Qxb7 Nce7 11. Qb5+ 1-0

[Event "DVM U16 2003"]
[Site "Greifswald GER"]
[Date "2003.12.30"]
[Round "7"]
[White "Thiem, Markus"]
[Black "Geshnizjani, Ramin"]
[Result "1/2-1/2"]
[Termination "normal"]
[Board "4.4"]
[WhiteElo "1400"]
[BlackElo "1641"]
[WhiteTeam "SK Dicker Turm Münnerstadt"]
[BlackTeam "Heilbronner SV"]
[PlyCount "69"]
[BlackFideId "24633089"]
[EventCountry "GER"]
[EventRounds "7"]
[EventType "team-swiss"]
[EventDate "2003.12.26"]

1. e4 c5 2. Nf3 e6 3. d4 cxd4 4. Nxd4 Nc6 5. Be3 a6 6. Nc3 Qc7 7. Qd2 Nf6 8. f3
Bb4 9. a3 Be7 10. O-O-O b5 11. Nxc6 dxc6 12. Na2 a5 13. Bd3 b4 14. a4 O-O 15.
b3 c5 16. Bc4 Ba6 17. Qe2 Bxc4 18. Qxc4 Nd7 19. Kb1 Ne5 20. Qe2 Ng6 21. Kc1 Nf4
22. Qf2 c4 23. Kb1 Ra6 24. Bxf4 Qxf4 25. Qd2 Qxd2 26. Rxd2 c3 27. Rd7 Bg5 28.
Nc1 Bd2 29. Ne2 Raa8 30. Rd1 Rfd8 31. Rxd8+ Rxd8 32. h3 Kf8 33. Nc1 Ke7 34. Nd3
Kf6 35. g3 1/2-1/2

[Event "DVM U16 2003"]
[Site "Greifswald GER"]
[Date "2003.12.30"]
[Round "7"]
[White "Baldauf, Marco"]
[Black "Krizek, Michael"]
[Result "1-0"]
[Termination "normal"]
[Board "5.1"]
[WhiteElo "2131"]
[BlackElo "1588"]
[WhiteTeam "SG Pang/Rosenheim"]
[BlackTeam "TSG Apolda"]
[PlyCount "71"]
[WhiteFideId "4688210"]
[EventCountry "GER"]
[EventRounds "7"]
[EventType "team-swiss"]
[EventDate "2003.12.26"]

1. e4 c5 2. Nf3 d6 3. d4 cxd4 4. Nxd4 Nf6 5. Nc3 a6 6. f3 e5 7. Nb3 Be6 8. Nd5
Bxd5 9. exd5 Nbd7 10. c4 Qc7 11. Be3 Be7 12. Be2 O-O 13. O-O b6 14. Nd2 a5 15.
b3 Nc5 16. a3 Nfd7 17. b4 axb4 18. axb4 Nb7 19. Ne4 h6 20. Rxa8 Rxa8 21. Ng3
Bf8 22. Nf5 Kh7 23. Qd2 Nf6 24. Bd3 Kg8 25. Qf2 Nd7 26. Qg3 Kh8 27. Qh3 Ra3 28.
Bb1 Qxc4 29. Nxh6 gxh6 30. Qf5 Kg7 31. Bxh6+ Kxh6 32. Qxf7 e4 33. Bxe4 Ne5 34.
Qh7+ Kg5 35. f4+ Kf6 36. fxe5+ 1-0

[Event "DVM U16 2003"]
[Site "Greifswald GER"]
[Date "2003.12.30"]
[Round "7"]
[White "Gebhardt, Martin"]
[Black "Lindenberg, Georg"]
[Result "0-1"]
[Termination "normal"]
[Board "5.2"]
[WhiteElo "1635"]
[BlackElo "1889"]
[WhiteTeam "TSG Apolda"]
[BlackTeam "SG Pang/Rosenheim"]
[PlyCount "66"]
[WhiteFideId "24626317"]
[BlackFideId "24612170"]
[EventCountry "GER"]
[EventRounds "7"]
[EventType "team-swiss"]
[EventDate "2003.12.26"]

1. e4 c5 2. Nc3 e6 3. Bc4 a6 4. a4 Nc6 5. f4 Nge7 6. e5 Nf5 7. Nf3 d5 8. Be2
Be7 9. O-O b6 10. Kh1 Bb7 11. Rb1 h5 12. d3 h4 13. Ng1 Kd7 14. Na2 f6 15. exf6
gxf6 16. Bg4 Nh6 17. Re1 Nxg4 18. Qxg4 Qg8 19. Qxg8 Raxg8 20. Nf3 d4 21. c3 h3
22. g3 Ne5 23. fxe5 Bxf3+ 24. Kg1 fxe5 25. Bd2 Bc6 26. a5 b5 27. b4 Bh4 28.
Rxe5 Bxg3 29. Rg5 Rxg5 30. Bxg5 Bd6 31. bxc5 Bxc5 32. Bf6 Rg8+ 33. Kf1 Rf8 0-1

[Event "DVM U16 2003"]
[Site "Greifswald GER"]
[Date "2003.12.30"]
[Round "7"]
[White "Baldauf, Manuel"]
[Black "Nißler, Daniel"]
[Result "1-0"]
[Termination "normal"]
[Board "5.3"]
[WhiteElo "1658"]
[BlackElo "1424"]
[WhiteTeam "SG Pang/Rosenheim"]
[BlackTeam "TSG Apolda"]
[PlyCount "33"]
[WhiteFideId "4648528"]
[EventCountry "GER"]
[EventRounds "7"]
[EventType "team-swiss"]
[EventDate "2003.12.26"]

1. e4 e6 2. d4 d5 3. Nc3 Bb4 4. e5 c5 5. Qg4 Ne7 6. dxc5 Bxc3+ 7. bxc3 Ng6 8.
Nf3 Qc7 9. h4 Qxc5 10. Bd2 Rg8 11. h5 Ne7 12. Bd3 f5 13. Qf4 h6 14. O-O b6 15.
Nd4 Bb7 16. Nxe6 Qc6 17. Bb5 1-0

[Event "DVM U16 2003"]
[Site "Greifswald GER"]
[Date "2003.12.30"]
[Round "7"]
[White "Nikol, Christoph"]
[Black "Häußler, Philipp"]
[Result "1/2-1/2"]
[Termination "normal"]
[Board "5.4"]
[WhiteElo "1468"]
[BlackElo "1705"]
[WhiteTeam "TSG Apolda"]
[BlackTeam "SG Pang/Rosenheim"]
[PlyCount "85"]
[EventCountry "GER"]
[EventRounds "7"]
[EventType "team-swiss"]
[EventDate "2003.12.26"]

1. e4 e6 2. d4 d5 3. Nd2 Bd7 4. e5 c5 5. c3 Qb6 6. Ndf3 cxd4 7. cxd4 Ne7 8. Bd3
Bb5 9. Ne2 Bxd3 10. Qxd3 Nbc6 11. O-O Rc8 12. Be3 Nf5 13. g4 Nxe3 14. fxe3 Be7
15. Nc3 O-O 16. g5 a6 17. h4 Qd8 18. Qe2 b5 19. Nd1 Nb4 20. Qg2 Nc2 21. Rb1 Nb4
22. a3 Nc6 23. b4 Nb8 24. Rb3 Nd7 25. Nf2 a5 26. Ng4 axb4 27. axb4 Rc4 28. Nd2
Rxb4 29. Nh6+ Kh8 30. Nxf7+ Rxf7 31. Rxf7 Qe8 32. g6 Rxb3 33. Nxb3 Nf8 34. h5
h6 35. Qf3 Kg8 36. Rf4 Bg5 37. Rg4 Nxg6 38. hxg6 Qxg6 39. Kh2 Qc2+ 40. Rg2 Qxb3
41. Re2 Qa3 42. Qg4 Qe7 43. e4 1/2-1/2

[Event "DVM U16 2003"]
[Site "Greifswald GER"]
[Date "2003.12.30"]
[Round "7"]
[White "Ehrhardt, Eric"]
[Black "Degtiarev, Jevgeni"]
[Result "0-1"]
[Termination "normal"]
[Board "6.1"]
[WhiteElo "2060"]
[BlackElo "2284"]
[WhiteTeam "SG Turm Leipzig"]
[BlackTeam "SG Aufbau Elbe Magdeburg"]
[PlyCount "70"]
[WhiteFideId "24602450"]
[BlackFideId "4149610"]
[EventCountry "GER"]
[EventRounds "7"]
[EventType "team-swiss"]
[EventDate "2003.12.26"]

1. e4 c5 2. d4 cxd4 3. c3 d3 4. Bxd3 d6 5. f4 g6 6. Nf3 Bg7 7. O-O Nf6 8. Na3
O-O 9. Nc2 a5 10. Qe1 Na6 11. Ncd4 Nc5 12. Bc2 b6 13. e5 Nd5 14. Qg3 a4 15. Bd2
Ba6 16. Rf2 Bd3 17. Re1 Bxc2 18. Nxc2 Nd3 19. Ncd4 Nxe1 20. Nxe1 Qc7 21. Re2
Rac8 22. Nec2 Qc5 23. Kh1 b5 24. Qh4 Nxf4 25. Bxf4 dxe5 26. Bg5 exd4 27. Bxe7
Qc4 28. Rf2 Qxa2 29. h3 dxc3 30. bxc3 Qb1+ 31. Kh2 Be5+ 32. g3 Rxc3 33. Qh6 Re8
34. Qd2 Rxg3 35. Qe1 Re3+ 0-1

[Event "DVM U16 2003"]
[Site "Greifswald GER"]
[Date "2003.12.30"]
[Round "7"]
[White "Reichel, Matti"]
[Black "Schumacher, Markus"]
[Result "1/2-1/2"]
[Termination "normal"]
[Board "6.2"]
[WhiteElo "1614"]
[BlackElo "1629"]
[WhiteTeam "SG Aufbau Elbe Magdeburg"]
[BlackTeam "SG Turm Leipzig"]
[PlyCount "87"]
[EventCountry "GER"]
[EventRounds "7"]
[EventType "team-swiss"]
[EventDate "2003.12.26"]

1. e4 d5 2. exd5 Nf6 3. Bb5+ Bd7 4. Bc4 c6 5. dxc6 Nxc6 6. d3 e5 7. Nc3 Bc5 8.
Nge2 O-O 9. O-O Na5 10. Bb3 Nxb3 11. axb3 Bc6 12. Ng3 Qc7 13. Qe2 Rfe8 14. Be3
Bf8 15. f3 Nd5 16. Nxd5 Bxd5 17. Qf2 b6 18. Kh1 Qd7 19. d4 e4 20. f4 f5 21. c4
Bf7 22. Qd2 Rec8 23. Rac1 Rc7 24. Rc2 Rac8 25. Rfc1 g6 26. Ne2 b5 27. d5 Bc5
28. Nd4 Bxd4 29. Bxd4 bxc4 30. bxc4 Qa4 31. b3 Qxb3 32. d6 Rd7 33. c5 Qd5 34.
Be5 Qxd2 35. Rxd2 Rc6 36. Rb2 Bd5 37. Kg1 Kf7 38. Kf2 Rc8 39. Ke3 Ke6 40. Kd4
Bc6 41. Ra1 Ra8 42. Rba2 Rb7 43. Ra6 Kd7 44. R1a2 1/2-1/2

[Event "DVM U16 2003"]
[Site "Greifswald GER"]
[Date "2003.12.30"]
[Round "7"]
[White "Jänig, Philipp"]
[Black "Schwenke, Vincent"]
[Result "0-1"]
[Termination "normal"]
[Board "6.3"]
[WhiteElo "1494"]
[BlackElo "1560"]
[WhiteTeam "SG Turm Leipzig"]
[BlackTeam "SG Aufbau Elbe Magdeburg"]
[PlyCount "66"]
[BlackFideId "24620467"]
[EventCountry "GER"]
[EventRounds "7"]
[EventType "team-swiss"]
[EventDate "2003.12.26"]

1. e4 c6 2. d4 d5 3. Be3 dxe4 4. Nd2 f5 5. f3 exf3 6. Ngxf3 Nf6 7. c3 g6 8. Qb3
Qb6 9. Qc2 Bg7 10. Bc4 e6 11. O-O Nd5 12. Rae1 O-O 13. Bf2 Na6 14. Ng5 Nac7 15.
Bg3 Re8 16. Bxd5 cxd5 17. Nb3 e5 18. Kh1 e4 19. Qd2 h6 20. Nh3 g5 21. Bxc7 Qxc7
22. Ng1 f4 23. Nc1 Bd7 24. Nce2 Bb5 25. Rc1 Qf7 26. b3 Rac8 27. Rc2 Bf8 28.
Rcc1 Ba3 29. Rcd1 Bd6 30. Qb2 Qh5 31. Rf2 f3 32. gxf3 exf3 33. Nxf3 Bxe2 0-1

[Event "DVM U16 2003"]
[Site "Greifswald GER"]
[Date "2003.12.30"]
[Round "7"]
[White "Spandel, Michael"]
[Black "Ebert, Andreas"]
[Result "0-1"]
[Termination "normal"]
[Board "6.4"]
[WhiteElo "1544"]
[BlackElo "1624"]
[WhiteTeam "SG Aufbau Elbe Magdeburg"]
[BlackTeam "SG Turm Leipzig"]
[PlyCount "40"]
[EventCountry "GER"]
[EventRounds "7"]
[EventType "team-swiss"]
[EventDate "2003.12.26"]

1. e4 e6 2. d4 d5 3. Nc3 Nf6 4. e5 Nfd7 5. f4 c5 6. Nf3 a6 7. Be3 Nc6 8. Qd2
Be7 9. O-O-O c4 10. g4 b5 11. Kb1 Rb8 12. f5 Nb6 13. Bh3 Na4 14. Rhf1 Nxc3+ 15.
bxc3 Qa5 16. Ka1 b4 17. Rb1 bxc3 18. Rxb8 cxd2 19. Rxc8+ Kd7 20. Bxd2 c3 0-1

[Event "DVM U16 2003"]
[Site "Greifswald GER"]
[Date "2003.12.30"]
[Round "7"]
[White "Hoffmann, Udo"]
[Black "von der Ahé, Florian"]
[Result "1-0"]
[Termination "normal"]
[Board "7.1"]
[WhiteElo "2138"]
[BlackElo "1675"]
[WhiteTeam "SF 74 Heinsberg"]
[BlackTeam "Rochade Kuppenheim"]
[PlyCount "51"]
[WhiteFideId "24605735"]
[BlackFideId "12970506"]
[EventCountry "GER"]
[EventRounds "7"]
[EventType "team-swiss"]
[EventDate "2003.12.26"]

1. e4 c5 2. b3 Nc6 3. Bb2 e5 4. f4 exf4 5. Nf3 d6 6. Bb5 Bd7 7. O-O Qb6 8. Nc3
Nf6 9. Qe2 O-O-O 10. Bc4 Be6 11. Na4 Qc7 12. Bxf6 gxf6 13. Nc3 h5 14. Nd5 Bxd5
15. Bxd5 h4 16. h3 Bh6 17. Bxc6 Qxc6 18. Nxh4 Rhe8 19. Nf5 Rxe4 20. Qg4 Kb8 21.
Nxh6 Rde8 22. d3 Re2 23. Rf2 R8e5 24. Qxf4 Qd5 25. Ng4 Rg5 26. Nxf6 1-0

[Event "DVM U16 2003"]
[Site "Greifswald GER"]
[Date "2003.12.30"]
[Round "7"]
[White "Mrinski, Evgenij"]
[Black "van Orsouw, Niclas"]
[Result "0-1"]
[Termination "normal"]
[Board "7.2"]
[WhiteElo "1724"]
[BlackElo "1645"]
[WhiteTeam "Rochade Kuppenheim"]
[BlackTeam "SF 74 Heinsberg"]
[PlyCount "80"]
[EventCountry "GER"]
[EventRounds "7"]
[EventType "team-swiss"]
[EventDate "2003.12.26"]

1. e4 c5 2. d3 Nc6 3. g3 g6 4. Bg2 Bg7 5. c3 d6 6. f4 e6 7. Nf3 Nge7 8. O-O O-O
9. Be3 Rb8 10. g4 f5 11. exf5 exf5 12. Qb3+ d5 13. g5 Qd6 14. d4 c4 15. Qc2 Be6
16. Ne5 b5 17. b4 a5 18. a3 Ra8 19. Qb2 Ra7 20. a4 bxa4 21. b5 Rb8 22. Na3 Rab7
23. Qc2 Na7 24. Qxa4 Qc7 25. Rfb1 Nec8 26. Rb2 Nd6 27. Rab1 Ne4 28. Bxe4 fxe4
29. b6 Rxb6 30. Qxa5 Nc8 31. f5 Bxf5 32. Qxd5+ Be6 33. Rxb6 Rxb6 34. Qxe4 Bf5
35. Qd5+ Be6 36. Qe4 Bf5 37. Qd5+ Be6 38. Qf3 Bxe5 39. Rxb6 Bxh2+ 40. Kg2 Nxb6
0-1

[Event "DVM U16 2003"]
[Site "Greifswald GER"]
[Date "2003.12.30"]
[Round "7"]
[White "Vieten, Florian"]
[Black "Stiefel, Michael"]
[Result "1/2-1/2"]
[Termination "normal"]
[Board "7.3"]
[WhiteElo "1538"]
[BlackElo "1842"]
[WhiteTeam "SF 74 Heinsberg"]
[BlackTeam "Rochade Kuppenheim"]
[PlyCount "93"]
[BlackFideId "24608556"]
[EventCountry "GER"]
[EventRounds "7"]
[EventType "team-swiss"]
[EventDate "2003.12.26"]

1. e4 c5 2. b3 Nc6 3. Bb2 e6 4. f4 d5 5. e5 Nge7 6. Nc3 Ng6 7. g3 Be7 8. Nf3
Bd7 9. h4 h5 10. Be2 Nf8 11. d4 Qa5 12. Qd2 cxd4 13. Nb5 Bb4 14. c3 dxc3 15.
Bxc3 Bxc3 16. Qxc3 Qxc3+ 17. Nxc3 Rc8 18. Nb5 Ke7 19. Nd6 Rc7 20. Ng5 Nd8 21.
O-O f6 22. Nf3 Nf7 23. Nb5 Bxb5 24. Bxb5 a6 25. Be2 fxe5 26. fxe5 Ng6 27. Rae1
Ngxe5 28. Nxe5 Nxe5 29. Bxa6 bxa6 30. Rxe5 Rc2 31. Rfe1 Rh6 32. Rxd5 Rxa2 33.
Rc5 Rg6 34. Re3 Rh6 35. Rc7+ Kf6 36. Rf3+ Kg6 37. Rc6 Kh7 38. Re3 a5 39. Rexe6
Rxe6 40. Rxe6 Rb2 41. Re5 Rxb3 42. Rxh5+ Kg6 43. Rxa5 Rxg3+ 44. Kh2 Rb3 45. Rc5
Rf3 46. Kg2 Re3 47. Ra5 1/2-1/2

[Event "DVM U16 2003"]
[Site "Greifswald GER"]
[Date "2003.12.30"]
[Round "7"]
[White "Schneider, Olaf"]
[Black "van Orsouw, Svenja"]
[Result "1/2-1/2"]
[Termination "normal"]
[Board "7.4"]
[WhiteElo "1410"]
[BlackElo "1486"]
[WhiteTeam "Rochade Kuppenheim"]
[BlackTeam "SF 74 Heinsberg"]
[PlyCount "45"]
[BlackFideId "24677124"]
[EventCountry "GER"]
[EventRounds "7"]
[EventType "team-swiss"]
[EventDate "2003.12.26"]

1. e4 c5 2. g3 e6 3. Bg2 Nc6 4. Nf3 d5 5. exd5 exd5 6. O-O Be6 7. d4 Qb6 8.
dxc5 Bxc5 9. Nc3 Nge7 10. Na4 Qa5 11. Nxc5 Qxc5 12. Be3 Qa5 13. Nd4 Nxd4 14.
Bxd4 O-O 15. Bc3 Qb6 16. Re1 Rfe8 17. Qd2 Qc6 18. h4 Rad8 19. Qg5 Nf5 20. h5 h6
21. Qf4 b6 22. Rad1 Qd7 23. Bb4 1/2-1/2

[Event "DVM U16 2003"]
[Site "Greifswald GER"]
[Date "2003.12.30"]
[Round "7"]
[White "Busch, Dean"]
[Black "Willert, Christof"]
[Result "1-0"]
[Termination "normal"]
[Board "8.1"]
[WhiteElo "1800"]
[BlackElo "1536"]
[WhiteTeam "SV 1932 Wermelskirchen"]
[BlackTeam "Schachverein Gryps"]
[PlyCount "55"]
[EventCountry "GER"]
[EventRounds "7"]
[EventType "team-swiss"]
[EventDate "2003.12.26"]

1. e4 e6 2. d4 d5 3. Nd2 dxe4 4. Nxe4 Nd7 5. Nf3 Ngf6 6. Nxf6+ Nxf6 7. Bd3 Be7
8. O-O O-O 9. c3 b6 10. Ne5 Bb7 11. Qc2 h6 12. Be3 Rc8 13. Rad1 Qe8 14. Qe2 c5
15. Bb5 Qd8 16. dxc5 Qc7 17. Nd7 bxc5 18. Nxf8 Bxf8 19. Ba6 Bxa6 20. Qxa6 Rb8
21. Bc1 Rb6 22. Qa4 Bd6 23. b3 Nd5 24. Rfe1 Rb8 25. Rd3 Nb6 26. Qg4 Kh8 27.
Red1 Be7 28. Qf4 1-0

[Event "DVM U16 2003"]
[Site "Greifswald GER"]
[Date "2003.12.30"]
[Round "7"]
[White "Völsgen, Georg"]
[Black "Nurovic, Semir"]
[Result "1-0"]
[Termination "normal"]
[Board "8.2"]
[WhiteElo "1449"]
[BlackElo "1500"]
[WhiteTeam "Schachverein Gryps"]
[BlackTeam "SV 1932 Wermelskirchen"]
[PlyCount "49"]
[WhiteFideId "24635901"]
[EventCountry "GER"]
[EventRounds "7"]
[EventType "team-swiss"]
[EventDate "2003.12.26"]

1. e4 c5 2. Nf3 d6 3. d4 cxd4 4. Nxd4 a6 5. Nc3 e6 6. Be3 Nf6 7. f3 Bd7 8. Bd3
Nc6 9. Qd2 Be7 10. a3 b5 11. b4 Qc7 12. Nce2 d5 13. Nxc6 Bxc6 14. exd5 Bxd5 15.
Rc1 Rd8 16. O-O O-O 17. Rfd1 e5 18. Ng3 Rfe8 19. Qf2 Qb7 20. Nf5 Bf8 21. Bg5
Qc6 22. Qh4 Re6 23. Bxf6 Qb6+ 24. Kh1 Rxf6 25. Ne7+ 1-0

[Event "DVM U16 2003"]
[Site "Greifswald GER"]
[Date "2003.12.30"]
[Round "7"]
[White "Wirths, Clara"]
[Black "Hollatz, Michael"]
[Result "0-1"]
[Termination "normal"]
[Board "8.3"]
[WhiteElo "1508"]
[BlackElo "1339"]
[WhiteTeam "SV 1932 Wermelskirchen"]
[BlackTeam "Schachverein Gryps"]
[PlyCount "136"]
[WhiteFideId "24632597"]
[BlackFideId "4622820"]
[EventCountry "GER"]
[EventRounds "7"]
[EventType "team-swiss"]
[EventDate "2003.12.26"]

1. e4 e5 2. Nf3 d6 3. d4 exd4 4. Nxd4 Nf6 5. Nc3 Be6 6. Be2 Nbd7 7. Be3 Nc5 8.
Nxe6 Nxe6 9. Qd2 Be7 10. f4 Nd7 11. O-O-O O-O 12. g4 h6 13. Nd5 Bh4 14. Rdg1
Ndc5 15. Bf3 c6 16. Nc3 Bf6 17. g5 hxg5 18. fxg5 Be5 19. h4 f5 20. exf5 Rxf5
21. Bg4 Bxc3 22. Qxc3 Re5 23. Bxe6+ Nxe6 24. g6 Rh5 25. Qc4 Re5 26. Bg5 Qa5 27.
h5 d5 28. Qg4 Nxg5 29. h6 Rae8 30. h7+ Kh8 31. c3 Qxa2 32. Rh2 Re1+ 33. Rxe1
Qa1+ 34. Kc2 Qxe1 35. Kb3 Ne4 36. Qf4 Qg3 37. Qf7 Nf6 38. Re2 Qb8 39. Rf2 Rf8
40. Qe7 Qd8 41. Qxb7 Qb6+ 42. Qxb6 axb6 43. Kb4 Re8 44. Rg2 Re6 45. Rf2 Nxh7
46. gxh7 Kxh7 47. Rf7 Kh6 48. Rb7 c5+ 49. Kb5 d4 50. cxd4 cxd4 51. Rd7 g5 52.
Rxd4 Kh5 53. Kc4 g4 54. Kd5 Rg6 55. Ke4 Kh4 56. Ke3 Kh3 57. Kf2 Kh2 58. Rd5 g3+
59. Ke1 Kg1 60. Re5 Rf6 61. Rh5 Re6+ 62. Kd2 Re4 63. Rb5 Kf2 64. Rf5+ Kg2 65.
Kd3 Rh4 66. Rg5 Kf3 67. Rf5+ Rf4 68. Rg5 g2 0-1

[Event "DVM U16 2003"]
[Site "Greifswald GER"]
[Date "2003.12.30"]
[Round "7"]
[White "Zimmermann, Gordon"]
[Black "Koch, Florian"]
[Result "1-0"]
[Termination "normal"]
[Board "8.4"]
[WhiteElo "1336"]
[BlackElo "1233"]
[WhiteTeam "Schachverein Gryps"]
[BlackTeam "SV 1932 Wermelskirchen"]
[PlyCount "59"]
[WhiteFideId "24624330"]
[EventCountry "GER"]
[EventRounds "7"]
[EventType "team-swiss"]
[EventDate "2003.12.26"]

1. e4 c5 2. Nf3 Nc6 3. d4 cxd4 4. Nxd4 d6 5. Nc3 Nf6 6. Be3 g6 7. f3 Bg7 8. Qd2
O-O 9. Bc4 Bd7 10. O-O-O Rc8 11. Bb3 a6 12. g4 b5 13. h4 h5 14. gxh5 Nxh5 15.
Bh6 Nxd4 16. Bxg7 Nxb3+ 17. axb3 Kxg7 18. Rdg1 Qa5 19. Kb1 Qb4 20. Qg5 Rh8 21.
f4 e6 22. f5 Be8 23. Qe7 exf5 24. exf5 Rh6 25. fxg6 Rxg6 26. Rxg6+ Kxg6 27.
Qg5+ Kh7 28. Qxh5+ Kg8 29. Rg1+ Kf8 30. Qh6+ 1-0

[Event "DVM U16 2003"]
[Site "Greifswald GER"]
[Date "2003.12.30"]
[Round "7"]
[White "Hirschfeld, Sebastian"]
[Black "Luft, Dennis"]
[Result "1-0"]
[Termination "normal"]
[Board "9.1"]
[WhiteElo "1443"]
[BlackElo "1817"]
[WhiteTeam "Schachverein Gryps 2"]
[BlackTeam "SF Brackel 30"]
[PlyCount "57"]
[BlackFideId "24623717"]
[EventCountry "GER"]
[EventRounds "7"]
[EventType "team-swiss"]
[EventDate "2003.12.26"]

1. e4 e5 2. d4 exd4 3. Qxd4 Nc6 4. Qe3 b6 5. Nc3 Bc5 6. Qg3 g6 7. Bg5 Be7 8.
Nf3 Bxg5 9. Nxg5 h6 10. Nf3 Nge7 11. h4 Bb7 12. O-O-O a6 13. Nd5 Nxd5 14. exd5
Ne7 15. Bc4 d6 16. Rhe1 Qd7 17. Ne5 Qf5 18. Nc6 Bxc6 19. dxc6 Qf6 20. Qh3 O-O
21. Qe3 Nf5 22. Qf4 Kg7 23. g3 a5 24. a4 Rfe8 25. h5 gxh5 26. Bd3 Kg6 27. g4
hxg4 28. Rh1 h5 29. Rxh5 1-0

[Event "DVM U16 2003"]
[Site "Greifswald GER"]
[Date "2003.12.30"]
[Round "7"]
[White "Heyden, Jonas"]
[Black "Hartmann, Elisa"]
[Result "1-0"]
[Termination "normal"]
[Board "9.2"]
[WhiteElo "1630"]
[BlackElo "1208"]
[WhiteTeam "SF Brackel 30"]
[BlackTeam "Schachverein Gryps 2"]
[PlyCount "75"]
[WhiteFideId "24638510"]
[BlackFideId "4616235"]
[EventCountry "GER"]
[EventRounds "7"]
[EventType "team-swiss"]
[EventDate "2003.12.26"]

1. e4 e5 2. Nf3 Nc6 3. Bc4 Nf6 4. d3 d5 5. exd5 Nxd5 6. O-O Bc5 7. Re1 Qd6 8.
d4 Ndb4 9. c3 O-O 10. cxb4 Bxd4 11. Nxd4 exd4 12. a3 Bf5 13. Bd2 Rad8 14. Qf3
Ne5 15. Qxf5 Nxc4 16. Bf4 Qb6 17. b3 Nd6 18. Bxd6 Qxd6 19. Nd2 d3 20. Rac1 Rfe8
21. Qb5 Rxe1+ 22. Rxe1 Qc6 23. Qxc6 bxc6 24. f3 g6 25. Kf2 f5 26. Re5 Kf7 27.
Ke3 h6 28. Rc5 Rd6 29. Ra5 Ke6 30. f4 g5 31. g3 Rd5 32. Rxd5 cxd5 33. Kxd3 c6
34. Kd4 Kd6 35. Nf3 gxf4 36. gxf4 a6 37. Ne5 h5 38. h4 1-0